[Event "ECU-ch Qual Blitz"]
[Site "Chess.com INT"]
[Date "2021.06.25"]
[Round "8"]
[White "Gonzabay Vidal, Nick Steven"]
[Black "Vivanco Vasquez, Domenica Lisseth"]
[Result "1-0"]
[WhiteElo "1927"]
[BlackElo "1640"]
[PlyCount "91"]
[EventDate "2021.06.25"]
[EventType "swiss (blitz)"]
[EventRounds "9"]
[EventCountry "ECU"]
[SourceTitle "CBM 203 Extra"]
[Source "ChessBase"]
[SourceDate "2021.09.30"]
[SourceVersion "1"]
[SourceVersionDate "2021.09.30"]
[SourceQuality "1"]

1. d4 d6 2. e4 e5 3. dxe5 dxe5 4. Qxd8+ Kxd8 5. Nf3 f6 6. Bc4 Bc5 7. Nc3 c6 8. 0-0 Kc7 9. a3 a5 10. Na4 Ba7 11. Bd2 Ne7 12. Bxa5+ b6 13. Bb4 Ng6 14. Nc3 Bg4 15. Rfd1 Bxf3 16. gxf3 Rd8 17. Rxd8 Kxd8 18. Rd1+ Kc7 19. Be6 c5 20. Nb5+ Kc6 21. Nxa7+ Rxa7 22. Bc3 Nf4 23. Bd5+ Kc7 24. Kf1 Nc6 25. Bxc6 Kxc6 26. Bd2 Ne6 27. Be3 Rd7 28. Rxd7 Kxd7 29. Ke2 Kc6 30. Kd3 Nc7 31. f4 exf4 32. Bxf4 Nb5 33. Be3 Nd6 34. f4 b5 35. e5 fxe5 36. fxe5 Nf5 37. Bf4 Kd5 38. b3 Ne7 39. c4+ bxc4+ 40. bxc4+ Kc6 41. Ke4 g6 42. e6 Nf5 43. Ke5 Kc7 44. Kf6+ Kd8 45. Kf7 Ne7 46. Bg5 1-0

[Event "ECU-ch Qual Blitz"]
[Site "Chess.com INT"]
[Date "2021.06.25"]
[Round "5"]
[White "Vivanco Vasquez, Domenica Lisseth"]
[Black "Villamar Mera, Allison Michelle"]
[Result "1-0"]
[WhiteElo "1640"]
[BlackElo "1316"]
[PlyCount "67"]
[EventDate "2021.06.25"]
[EventType "swiss (blitz)"]
[EventRounds "9"]
[EventCountry "ECU"]
[SourceTitle "CBM 203 Extra"]
[Source "ChessBase"]
[SourceDate "2021.09.30"]
[SourceVersion "1"]
[SourceVersionDate "2021.09.30"]
[SourceQuality "1"]

1. d4 Nc6 2. Bf4 e6 3. e3 b6 4. c4 Bb7 5. Nc3 Nf6 6. Nf3 Be7 7. Bd3 h6 8. 0-0 0-0 9. h3 Re8 10. d5 exd5 11. cxd5 Nb4 12. e4 Nxd3 13. Qxd3 d6 14. Rfe1 Bf8 15. Rac1 Rc8 16. Nd2 Qd7 17. a4 a5 18. Qf3 Ba6 19. Qg3 Kh7 20. Qf3 Kg8 21. Ndb1 Kh7 22. Rcd1 Kg8 23. Bxh6 Kh7 24. Bg5 Be7 25. Bxf6 Bxf6 26. Re3 Bg5 27. Qh5+ Bh6 28. Rf3 Rf8 29. g4 g6 30. Qh4 g5 31. Qh5 Qe8 32. Rf6 Rh8 33. Rxh6+ Kg7 34. Qxg5+ 1-0